000 00609nam a2200217Ia 4500
003 OSt
005 20220926044208.0
006 a|||||r|||| 00| 0
007 ta
008 220923b |||||||| |||| 00| 0 eng d
037 _cGeneral Book
040 _aRTL
_cRTL
_beng
041 _2eng
_aeng
082 _aX9M71:952:3073:N5, H8
100 _aGibson Roland
_9348647
245 0 _aCotton textile wages in the United States and Grea
260 _c1948
650 _aCotton Industry
_9229873
942 _hX9M71:952:3073:N5, H8
_cGB
_2CC
999 _c674205
_d674205